Logo Quiz Level 6 - Statistics

General Stats
  • This quiz has been taken 43 times
  • The average score is 7 of 16
Answer Stats
Picture Answer % Correct
Crocs
71%
Nickelodeon
64%
SAP
64%
Caterpillar
57%
Schwarzkopf
57%
Dacia
46%
Hertz
46%
Stihl
39%
Tampa Bay Rays
39%
KTM
36%
Novartis
32%
Sanofi
32%
Schwan-Stabilo
32%
Banco Santander
29%
National Geographic Society
29%
Take-Two Interactive Software, Inc.
29%
No matching quizzes found
Score Distribution
Percent of People with Each Score
Percentile by Number Answered
Your Score History
You have not taken this quiz